000 01348cam a2200289 i 4500
003 SA-RiAUC
005 20240904154549.0
008 240830s1988 su g 00000 ara c
040 _aSA-RiAUC
_bara
_cSA-RiAUC
_erda
082 0 4 _a252.5
_qSA-RiAUC
_bح س ن
100 _aالحسن، صالح بن محمد بن إبراهيم،
_d1373 هجري-
_eمؤلف.
_973
245 1 0 _aشرح العمدة في بيان مناسك الحج والعمرة لابن تيمية /
_cدراسة وتحقيق وإعداد صالح بن محمد الحسن.
250 _aالطبعة الأولى.
264 1 _aالرياض :
_bمكتبة الحرمين،
_c1988
300 _a2 مجلد ؛
_c24 سم
336 _aنص
_btxt
_2rdacontent
_3كتاب
337 _aبدون وسيط
_bn
_2rdamedia
338 _aمجلد
_bnc
_2rdacarrier
500 _aالأصل أطروحة (دكتوراه)-جامعة الإمام، 1404 هـ.
650 0 _aالحج (فقه إسلامي)
_xمناسك
_2aucsh
_952
650 0 _aالعبادات (فقه إسلامي)
_2aucsh
_974
700 _aابن تيمية، أحمد بن عبد الحليم بن عبد السلام،
_d661-728 هجري
_975
740 2 2 _aالعمدة في بيان مناسك الحج والعمرة.
942 _2ddc
_cBOOK
949 _aSA-JeALM
_d240830
_ukhaled123
_n1
999 _c22
_d22